01070nam a2200253Ia 4500003000400000005001700004008004100021020001800062040001800080041000800098082002100106100003300127245020100160250001200361260004000373300002700413650003400440650004700474650004900521700003100570942002800601999001900629952016800648OSt20231006104413.0210716s2015 xx 000 0 und d a9781783280414 cAIMIT LIBRARY aeng a005.44 21bRAMV aRamachandran, Vivek.9136368 aKali linux wireless penetration testing beginners guide: bmaster wireless testing techniques to survey and attack wireless networks with kali linux /cby Vivek Ramachandran and Cameron Buchanan. a1st ed. aMumbai :c2015.bPackt Publishing , aix,192 p.;bPBc24 cm. aWlan encryption flaws9136369 aAttacks on the wlan infrastructure9136370 aWlan penetration testing methodology9136371 aBuchanan, Cameron.9136372 2ddccBKe1k005.44 RAMV c196178d196178 00102ddc40708MCAaAIMITbAIMITeKnowledge Worldg799.00iBill no:511; Bill dt:2018-03-05l0o005.44 RAMVpMCA15693r2025-07-21 00:00:00v623.22w2021-07-16yBK